[Event "14th 4NCL Congress"]
[Site "Wokefield"]
[Date "2017.07.15"]
[Round "2"]
[Board "11"]
[White "Crockart, Scott A"]
[Black "Herring, Sam Ac"]
[Result "1-0"]
[WhiteElo "2133"]
[BlackElo "1907"]
[PlyCount "83"]
[EventDate "2017.07.14"]
[EventRounds "5"]
[EventCountry "ENG"]

1. d4 Nf6 2. c4 Nc6 3. Nf3 e6 4. Nc3 Bb4 5. Qc2 d6 6. a3 Bxc3+ 7. Qxc3 O-O 8.
g3 Qe7 9. Bg2 e5 10. d5 Nb8 11. O-O a5 12. b3 Ne4 13. Qc2 f5 14. Rb1 Nd7 15. b4
axb4 16. axb4 Ndf6 17. Ne1 h6 18. f3 Ng5 19. e4 fxe4 20. fxe4 Bd7 21. Qd3 c6
22. dxc6 Bxc6 23. Bxg5 hxg5 24. Nc2 Ra2 25. Ra1 Rfa8 26. Rxa2 Rxa2 27. Ne3 Qe6
28. b5 Rxg2+ 29. Nxg2 Bxe4 30. Qe2 d5 31. c5 Qh3 32. Rc1 d4 33. Ne1 Ng4 34. c6
d3 35. Qa2+ Kh7 36. c7 Ne3 37. Nxd3 Bd5 38. Qxd5 Nxd5 39. c8=Q Qh5 40. Qf5+ Kh6
41. Nxe5 g6 42. Ng4+ 1-0

[Event "14th 4NCL Congress"]
[Site "Wokefield"]
[Date "2017.07.15"]
[Round "2"]
[Board "12"]
[White "Goater, Kevin P"]
[Black "Hilton, Tim"]
[Result "1-0"]
[WhiteElo "2128"]
[BlackElo "1848"]
[PlyCount "63"]
[EventDate "2017.07.14"]
[EventRounds "5"]
[EventCountry "ENG"]

1. d4 Nf6 2. Bf4 g6 3. e3 Bg7 4. Nf3 O-O 5. Be2 d6 6. O-O c5 7. Nc3 cxd4 8.
exd4 b6 9. Qd2 Bb7 10. Rad1 Nbd7 11. Bh6 a6 12. Bxg7 Kxg7 13. h3 Qc7 14. Rfe1
Rac8 15. Nh4 h6 16. f4 b5 17. a3 Nb6 18. Bd3 Rfe8 19. Qf2 Nc4 20. Bxc4 Qxc4 21.
f5 g5 22. Nf3 Nd5 23. Nxd5 Qxd5 24. Nh2 h5 25. c3 a5 26. Nf1 e6 27. f6+ Kg6 28.
Ne3 Qb3 29. Rf1 Be4 30. h4 d5 31. Qg3 g4 32. Qe5 1-0

[Event "14th 4NCL Congress"]
[Site "Wokefield"]
[Date "2017.07.15"]
[Round "2"]
[Board "13"]
[White "Foster, Timothy"]
[Black "Martin, Lewis"]
[Result "0-1"]
[WhiteElo "1865"]
[BlackElo "2089"]
[PlyCount "84"]
[EventDate "2017.07.14"]
[EventRounds "5"]
[EventCountry "ENG"]

1. Nf3 Nf6 2. c4 g6 3. g3 Bg7 4. Bg2 O-O 5. O-O d6 6. Nc3 e5 7. d3 Nc6 8. Rb1
a5 9. a3 Ne8 10. b4 axb4 11. axb4 f5 12. b5 Ne7 13. Bb2 h6 14. Qb3 Kh8 15. Ra1
Rb8 16. Nd2 g5 17. Ra7 Nf6 18. Rfa1 f4 19. Ra8 Rxa8 20. Rxa8 Qd7 21. Nde4 fxg3
22. hxg3 Nxe4 23. Nxe4 g4 24. Bc1 Nf5 25. e3 h5 26. Ba3 h4 27. c5 hxg3 28. fxg3
Bh6 29. Bc1 d5 30. Rxc8 Rxc8 31. Nf6 Qg7 32. Nxd5 c6 33. bxc6 bxc6 34. Nb6 Rf8
35. Bxc6 Nd4 36. exd4 Bxc1 37. Nd5 Qf7 38. Qd1 Qf2+ 39. Kh1 Qxg3 40. Qxc1 Qh3+
41. Kg1 g3 42. Qh6+ Qxh6 0-1

[Event "14th 4NCL Congress"]
[Site "Wokefield"]
[Date "2017.07.15"]
[Round "2"]
[Board "14"]
[White "Mulay, Partha"]
[Black "Varnam, Liam D"]
[Result "0-1"]
[WhiteElo "1815"]
[BlackElo "2088"]
[PlyCount "98"]
[EventDate "2017.07.14"]
[EventRounds "5"]
[EventCountry "ENG"]

1. e4 e5 2. Nf3 Nc6 3. Bc4 Nf6 4. d3 Be7 5. O-O O-O 6. Nbd2 d6 7. c3 Na5 8. Bb5
a6 9. Ba4 b5 10. Bc2 c5 11. Re1 Re8 12. Nf1 Bf8 13. d4 Bb7 14. Ng3 g6 15. b3
Qb6 16. d5 Bc8 17. Bg5 Bg7 18. h3 Nb7 19. Qd2 Kh8 20. Bh6 Ng8 21. Bxg7+ Kxg7
22. h4 Qd8 23. a4 bxa4 24. Rxa4 Bd7 25. Ra2 Bg4 26. Qg5 Bxf3 27. Qxd8 Rexd8 28.
gxf3 Rdc8 29. Bd3 a5 30. Rea1 Rab8 31. c4 Ne7 32. h5 Rf8 33. hxg6 fxg6 34. Kg2
h5 35. Ne2 Rf6 36. Kg3 Rbf8 37. Ng1 g5 38. Bf1 h4+ 39. Kg2 Ng6 40. Nh3 Nf4+ 41.
Nxf4 Rxf4 42. Be2 Kg6 43. Kh3 g4+ 44. fxg4 Rxf2 45. Kxh4 Rg2 46. Kh3 Rff2 47.
Re1 Kg5 48. Rb2 Kf4 49. Rf1 Rh2# 0-1

[Event "14th 4NCL Congress"]
[Site "Wokefield"]
[Date "2017.07.15"]
[Round "2"]
[Board "15"]
[White "Kapoor, Gurveen"]
[Black "Grieve, Harry"]
[Result "0-1"]
[WhiteElo "1715"]
[BlackElo "2076"]
[PlyCount "80"]
[EventDate "2017.07.14"]
[EventRounds "5"]
[EventCountry "ENG"]

1. d4 g6 2. c4 Bg7 3. e4 d6 4. Nc3 e5 5. Nge2 Nd7 6. Be3 Ne7 7. h4 f5 8. Bg5 c6
9. exf5 gxf5 10. h5 h6 11. Bh4 Nf6 12. dxe5 dxe5 13. Qxd8+ Kxd8 14. O-O-O+ Kc7
15. f4 e4 16. g4 fxg4 17. Ng3 Nf5 18. Bxf6 Bxf6 19. Ngxe4 Bd4 20. Ne2 Be3+ 21.
Kb1 Be6 22. Nf6 Nd6 23. Nc3 Raf8 24. Re1 Bf5+ 25. Ka1 Bd2 26. Nfd5+ cxd5 27.
Nxd5+ Kb8 28. Rd1 Ba5 29. Be2 Re8 30. Nf6 Rxe2 31. Rxd6 g3 32. Rhd1 g2 33. Nd7+
Bxd7 34. Rxd7 Rg8 35. f5 g1=Q 36. f6 Re1 37. a3 Rxd1+ 38. Rxd1 Qxd1+ 39. Ka2
Rg3 40. f7 Qb3+ 0-1

[Event "14th 4NCL Congress"]
[Site "Wokefield"]
[Date "2017.07.15"]
[Round "2"]
[Board "16"]
[White "Verma, Aditya"]
[Black "Isaksen, Peter A"]
[Result "1-0"]
[WhiteElo "2057"]
[BlackElo "1678"]
[PlyCount "97"]
[EventDate "2017.07.14"]
[EventRounds "5"]
[EventCountry "ENG"]

1. e4 c5 2. Nf3 d6 3. d4 cxd4 4. Nxd4 Nf6 5. Nc3 a6 6. h3 b5 7. g4 Bb7 8. Bg2
Qc7 9. O-O b4 10. Nd5 Nxd5 11. exd5 g6 12. a3 bxa3 13. Rxa3 Bg7 14. Re1 O-O 15.
Bg5 Re8 16. Rae3 f6 17. Bh4 Bc8 18. Qe2 Kf8 19. Rc3 Qb7 20. Rb3 Qc7 21. f4 a5
22. f5 g5 23. Bf2 Na6 24. Nc6 Kf7 25. Bb6 Qd7 26. Re3 Bf8 27. Bxa5 Nc5 28. b4
Ba6 29. c4 Nb7 30. Bb6 Nd8 31. Bxd8 Rexd8 32. Nxd8+ Qxd8 33. b5 Bb7 34. Rb3
Qb6+ 35. Qe3 Qc7 36. Bf1 Ra2 37. Ra3 Rc2 38. Ra7 Qc8 39. Qe6+ Kg7 40. Qxc8 Bxc8
41. Rc7 Bxf5 42. gxf5 h5 43. Rb1 g4 44. hxg4 hxg4 45. b6 Kf7 46. b7 Bh6 47.
b8=Q g3 48. Rxe7+ Kxe7 49. Rb7# 1-0

[Event "14th 4NCL Congress"]
[Site "Wokefield"]
[Date "2017.07.15"]
[Round "2"]
[Board "17"]
[White "Simpson, Derek"]
[Black "Nelson, Omowale A"]
[Result "0-1"]
[WhiteElo "1652"]
[BlackElo "2040"]
[PlyCount "68"]
[EventDate "2017.07.14"]
[EventRounds "5"]
[EventCountry "ENG"]

1. d4 d5 2. Nf3 Nf6 3. e3 Bf5 4. c4 dxc4 5. Bxc4 a6 6. Nc3 e6 7. O-O Bd6 8. h3
O-O 9. Nh4 Bg6 10. Nxg6 hxg6 11. e4 e5 12. Be3 Nc6 13. d5 Ne7 14. Qc2 Nd7 15.
f4 exf4 16. Bxf4 Ne5 17. Ne2 b5 18. Bb3 Qb8 19. Rac1 Qb6+ 20. Kh1 Rac8 21. Qc3
Nd7 22. e5 b4 23. Qg3 Nf5 24. Qg5 Nxe5 25. Bxe5 Bxe5 26. Rc6 Qe3 27. Qxe3 Nxe3
28. Rfc1 Rce8 29. Ng1 Nf5 30. Nf3 Ng3+ 31. Kh2 Bf4 32. R1c4 g5 33. h4 Ne4+ 34.
Kh3 Nf2# 0-1

[Event "14th 4NCL Congress"]
[Site "Wokefield"]
[Date "2017.07.15"]
[Round "2"]
[Board "18"]
[White "Rahulan, Thivyaa"]
[Black "Sommer, Martin C"]
[Result "1-0"]
[WhiteElo "1623"]
[BlackElo "2024"]
[PlyCount "89"]
[EventDate "2017.07.14"]
[EventRounds "5"]
[EventCountry "ENG"]

1. e4 c5 2. c3 g6 3. d4 cxd4 4. cxd4 Bg7 5. Nf3 d6 6. h3 Nc6 7. Nc3 Nf6 8. Bb5
O-O 9. O-O a6 10. Ba4 b5 11. Bc2 b4 12. Ne2 a5 13. d5 Nb8 14. Ned4 Ba6 15. Re1
Nfd7 16. Bf4 Ne5 17. Qc1 Nxf3+ 18. Nxf3 Nd7 19. Bh6 Rc8 20. Bxg7 Kxg7 21. Qd2
Qb6 22. e5 dxe5 23. Nxe5 Nxe5 24. Rxe5 Qc5 25. Bb3 Bb5 26. Rae1 Qd6 27. Rxe7 a4
28. Bd1 Rfe8 29. R1e6 Qxe7 30. Rxe7 Rxe7 31. Qxb4 Rb7 32. Bxa4 Rc4 33. Qd2 Rxa4
34. b3 Ra8 35. d6 Rd8 36. a4 Bc6 37. Qc3+ Kg8 38. Qxc6 Rxb3 39. Qc7 Rbb8 40. d7
Kg7 41. a5 Kf6 42. Qd6+ Kg7 43. a6 Ra8 44. Qe7 Kg8 45. a7 1-0

[Event "14th 4NCL Congress"]
[Site "Wokefield"]
[Date "2017.07.15"]
[Round "2"]
[Board "19"]
[White "Merry, Alan B"]
[Black "Marley, Andrew Sg"]
[Result "1-0"]
[WhiteElo "2427"]
[BlackElo "1969"]
[PlyCount "95"]
[EventDate "2017.07.14"]
[EventRounds "5"]
[EventCountry "ENG"]

1. e4 c5 2. Nc3 e6 3. Nge2 Nc6 4. g3 Nf6 5. Bg2 Be7 6. O-O O-O 7. h3 a6 8. d3
Rb8 9. f4 d6 10. g4 Nd7 11. Be3 Qc7 12. g5 b5 13. Ng3 b4 14. Nce2 f5 15. gxf6
Bxf6 16. Rb1 a5 17. Kh1 Ba6 18. Nh5 Bh4 19. f5 e5 20. Ng1 Nf6 21. Nxf6+ Bxf6
22. Rf2 Nd4 23. Qg4 Qf7 24. b3 a4 25. h4 Kh8 26. Nh3 Bb5 27. Rg1 Be8 28. Bg5
Ra8 29. Bf3 axb3 30. axb3 Ra2 31. Bd1 Bc6 32. c4 Rfa8 33. Kh2 Rxf2+ 34. Nxf2
Ra2 35. Qg3 Rb2 36. Kh3 Ra2 37. Bh5 Qf8 38. Bd1 Ra3 39. Ng4 Ra8 40. Qe3 Qf7 41.
Bxf6 gxf6 42. Nh6 Qf8 43. Rg8+ Qxg8 44. Nxg8 Kxg8 45. Qh6 Rf8 46. Bh5 Bd7 47.
Kg2 Kh8 48. Qxf8# 1-0

[Event "14th 4NCL Congress"]
[Site "Wokefield"]
[Date "2017.07.15"]
[Round "2"]
[Board "20"]
[White "Chapman, Terry Pd"]
[Black "Stoyanov, Viktor"]
[Result "0-1"]
[WhiteElo "2250"]
[BlackElo "1919"]
[PlyCount "90"]
[EventDate "2017.07.14"]
[EventRounds "5"]
[EventCountry "ENG"]

1. Nf3 Nf6 2. c4 g6 3. d4 Bg7 4. g3 O-O 5. Bg2 d6 6. Nc3 Nbd7 7. O-O e5 8. e4
c6 9. h3 Qc7 10. Be3 Re8 11. Re1 b6 12. Qc2 Bb7 13. Rac1 Rac8 14. Qb1 Qb8 15.
d5 cxd5 16. cxd5 a6 17. Nd2 b5 18. b4 Rc7 19. a4 Rec8 20. Qb2 bxa4 21. Nxa4 Ba8
22. Rxc7 Rxc7 23. Bf1 Qc8 24. Kh2 Bb7 25. Bd3 Qb8 26. Rc1 Nxd5 27. Rxc7 Nxc7
28. Qa2 d5 29. Nc5 Nxc5 30. Bxc5 dxe4 31. Bxe4 Ne6 32. Bd5 Bxd5 33. Qxd5 Qd8
34. Qxd8+ Nxd8 35. Nc4 Nc6 36. Na3 Nd4 37. Kg2 Bf8 38. f4 Bxc5 39. bxc5 exf4
40. gxf4 Ne6 41. c6 Kf8 42. Kg3 Ke7 43. Nc4 Nd4 44. c7 Kd7 45. Nd6 Nf5+ 0-1

[Event "14th 4NCL Congress"]
[Site "Wokefield"]
[Date "2017.07.15"]
[Round "2"]
[Board "21"]
[White "Seymour, Timothy P"]
[Black "Anderson, Peter W"]
[Result "1-0"]
[WhiteElo "2073"]
[BlackElo "1907"]
[PlyCount "53"]
[EventDate "2017.07.14"]
[EventRounds "5"]
[EventCountry "ENG"]

1. c4 e6 2. g3 d5 3. Bg2 Nf6 4. Nf3 Be7 5. O-O d4 6. e3 c5 7. exd4 cxd4 8. b4
O-O 9. Bb2 e5 10. Nxe5 Bxb4 11. Na3 Qd6 12. Nc2 Bc5 13. Nd3 Rd8 14. Nxc5 Qxc5
15. d3 Nc6 16. Rb1 Rb8 17. Ba3 Qe5 18. Re1 Qc7 19. Bc1 Qd7 20. Bf4 Ra8 21. Nb4
h6 22. Qa4 Nxb4 23. Qxb4 Qf5 24. Bc7 Re8 25. Rxe8+ Nxe8 26. Qe7 Nxc7 27. Qd8+
 1-0

[Event "14th 4NCL Congress"]
[Site "Wokefield"]
[Date "2017.07.15"]
[Round "2"]
[Board "22"]
[White "Savage, Nicholas W"]
[Black "Sagues, Vincent"]
[Result "1/2-1/2"]
[WhiteElo "2017"]
[BlackElo "1883"]
[PlyCount "100"]
[EventDate "2017.07.14"]
[EventRounds "5"]
[EventCountry "ENG"]

1. d4 d5 2. c4 c6 3. Nf3 Nf6 4. Nc3 dxc4 5. a4 Bf5 6. Ne5 Nbd7 7. Nxc4 Qc7 8.
g3 e5 9. dxe5 Nxe5 10. Bf4 Nfd7 11. Bg2 Be6 12. Nxe5 Nxe5 13. Qd4 f6 14. O-O
Be7 15. Rfc1 Qa5 16. Rab1 Bb4 17. Ne4 Rd8 18. Qe3 Bf7 19. Bxe5 Qxe5 20. Qxa7
Qe7 21. Nc5 Bxc5 22. Qxc5 Qxc5 23. Rxc5 Bb3 24. a5 Rd2 25. a6 bxa6 26. Rxc6 Kd7
27. Rxa6 Rxe2 28. Rb6 Bc2 29. Ra1 Rc8 30. Rc1 Rce8 31. Bc6+ Kc7 {(=)} 32. Bxe8
Kxb6 33. Bh5 Rd2 34. Bf7 Be4 35. b3 Bf3 36. Bc4 Bd5 37. Bxd5 Rxd5 38. Rc3 h5
39. h4 g5 40. Rf3 gxh4 41. Rxf6+ Kc7 42. gxh4 Rd4 43. Rf3 Rxh4 44. Rd3 Rf4 45.
Kg2 h4 46. f3 Kc6 47. Kh3 Kc5 48. Rc3+ Kd5 49. Rc4 Rxf3+ 50. Kxh4 Rxb3 1/2-1/2

[Event "14th 4NCL Congress"]
[Site "Wokefield"]
[Date "2017.07.15"]
[Round "2"]
[Board "23"]
[White "Ifalore, Michael"]
[Black "Sreeves, Clement"]
[Result "0-1"]
[WhiteElo "1897"]
[BlackElo "2391"]
[PlyCount "100"]
[EventDate "2017.07.14"]
[EventRounds "5"]
[EventCountry "ENG"]

1. d4 Nf6 2. Bf4 g6 3. Nc3 d5 4. f3 c5 5. e4 dxe4 6. d5 Qa5 7. Qd2 e3 8. Bxe3
Bg7 9. O-O-O Nbd7 10. Bh6 Bxh6 11. Qxh6 b5 12. d6 Ba6 13. Kb1 b4 14. Ne4 Nxe4
15. fxe4 exd6 16. Nh3 O-O-O 17. Rxd6 Bxf1 18. Rxf1 Ne5 19. Rdd1 {(=)} Rxd1+ 20.
Rxd1 Rd8 21. Qc1 Rxd1 22. Qxd1 Qd8 23. Qe2 Nc4 24. Qd3 Qh4 25. g3 Qxe4 26. Qxe4
Nd2+ 27. Kc1 Nxe4 28. Kd1 Kd7 29. Ke2 Kd6 30. Kd3 f5 31. Ke3 Ke5 32. Nf4 c4 33.
b3 g5 34. Ne2 Nd6 35. Ng1 f4+ 36. Kf3 cxb3 37. cxb3 Nf5 38. Nh3 Nd4+ 39. Kf2 h6
40. gxf4+ gxf4 41. Kf1 Ke4 42. Nf2+ Kf3 43. Nd3 a5 44. Ne5+ Ke4 45. Ng4 h5 46.
Nf6+ Ke5 47. Nxh5 {(=)} Nxb3 48. axb3 a4 49. Nxf4 Kxf4 50. Ke1 a3 0-1

[Event "14th 4NCL Congress"]
[Site "Wokefield"]
[Date "2017.07.15"]
[Round "3"]
[Board "1"]
[White "Adair, James R"]
[Black "Price, Gwilym T"]
[Result "1-0"]
[WhiteElo "2478"]
[BlackElo "1776"]
[PlyCount "83"]
[EventDate "2017.07.14"]
[EventRounds "5"]
[EventCountry "ENG"]

1. e4 c5 2. Nf3 e6 3. d4 cxd4 4. Nxd4 Nf6 5. Nc3 Nc6 6. Ndb5 d6 7. Bf4 e5 8.
Bg5 a6 9. Na3 b5 10. Nd5 Be7 11. Bxf6 Bxf6 12. c4 b4 13. Nc2 Rb8 14. b3 Bg5 15.
g3 O-O 16. h4 Bh6 17. Bh3 Be6 18. Qh5 Kh8 19. Kf1 Bxd5 20. cxd5 Ne7 21. Qe2 f5
22. Bxf5 Nxf5 23. exf5 Qa5 24. Qe4 Rb5 25. Kg2 Rc8 26. Rhd1 Qb6 27. Ne1 Rbc5
28. Rd3 Rc3 29. Rf3 a5 30. Rd1 a4 31. Rxc3 bxc3 32. Qxa4 Bd2 33. Nc2 Qb7 34.
Qe4 Rc5 35. b4 Rxd5 36. a4 Rb5 37. f3 Rb6 38. b5 Qa7 39. Ra1 h6 40. Qd5 Qa5 41.
Qf7 Rb8 42. f6 1-0

[Event "14th 4NCL Congress"]
[Site "Wokefield"]
[Date "2017.07.15"]
[Round "3"]
[Board "2"]
[White "Sreeves, Clement"]
[Black "Jackson, James P"]
[Result "1-0"]
[WhiteElo "2391"]
[BlackElo "2286"]
[PlyCount "45"]
[EventDate "2017.07.14"]
[EventRounds "5"]
[EventCountry "ENG"]

1. e4 c5 2. Nf3 e6 3. d4 cxd4 4. Nxd4 a6 5. Nc3 Qc7 6. Bd3 Nf6 7. O-O d6 8. Kh1
Nbd7 9. f4 b6 10. e5 dxe5 11. fxe5 Nxe5 12. Bf4 Bb7 13. Qe2 Nfd7 14. Rae1 Bd6
15. Ne4 Bxe4 16. Bxe4 Rd8 17. Nxe6 fxe6 18. Qh5+ Ke7 19. Qg5+ Ke8 20. Qxg7 Rf8
21. Bxh7 Rf7 22. Bg6 Nxg6 23. Qxf7+ 1-0

[Event "14th 4NCL Congress"]
[Site "Wokefield"]
[Date "2017.07.15"]
[Round "3"]
[Board "3"]
[White "Claridge-Hansen, William"]
[Black "Grieve, Harry"]
[Result "1-0"]
[WhiteElo "2267"]
[BlackElo "2076"]
[PlyCount "83"]
[EventDate "2017.07.14"]
[EventRounds "5"]
[EventCountry "ENG"]

1. c4 g6 2. g3 Bg7 3. Bg2 c5 4. Nc3 Nc6 5. Nf3 e6 6. d3 Nge7 7. Bg5 O-O 8. Qd2
b6 9. h4 f6 10. Bh6 Bb7 11. e4 d5 12. Bxg7 Kxg7 13. h5 dxc4 14. hxg6 hxg6 15.
Qh6+ Kf7 16. Qh7+ Ke8 17. dxc4 Qd3 18. Rd1 Qxc4 19. Bf1 Qb4 20. a3 Qa5 21. Nd2
b5 22. Bxb5 Rd8 23. O-O Qc7 24. Nc4 Rd4 25. Ne2 e5 26. Nxd4 cxd4 27. f4 Rf7 28.
Qh8+ Rf8 29. Qh6 Rg8 30. fxe5 fxe5 31. Rf6 Kd7 32. Rd6+ Kc8 33. Qh3+ Kb8 34.
Rd7 Qc8 35. Nd6 Rh8 36. Nxc8 Rxh3 37. Nxe7 Nxe7 38. Rxe7 Rxg3+ 39. Kf2 Rb3 40.
Bd3 Rxb2+ 41. Ke1 g5 42. Rb1 1-0

[Event "14th 4NCL Congress"]
[Site "Wokefield"]
[Date "2017.07.15"]
[Round "3"]
[Board "4"]
[White "Golding, Alex"]
[Black "Verma, Aditya"]
[Result "1/2-1/2"]
[WhiteElo "2237"]
[BlackElo "2057"]
[PlyCount "150"]
[EventDate "2017.07.14"]
[EventRounds "5"]
[EventCountry "ENG"]

1. Nf3 d5 2. c4 c6 3. d4 Nf6 4. Qc2 dxc4 5. Qxc4 Bf5 6. Nc3 e6 7. Bg5 Be7 8.
Bxf6 Bxf6 9. e4 Bg6 10. a4 a5 11. Rd1 Nd7 12. Be2 O-O 13. O-O Qb6 14. Rd2 Rac8
15. e5 Be7 16. Bd3 Rfd8 17. Bxg6 hxg6 18. Ne4 Qb4 19. Qxb4 Bxb4 20. Rc2 Nb6 21.
b3 Kf8 {(=)} 22. Rd1 Ke7 23. Kf1 Rd5 24. Ke2 Rcd8 25. Rd3 Na8 26. Neg5 Nc7 27.
Nh3 R5d7 28. Nf4 Nd5 29. Nxd5+ Rxd5 30. Rc4 Ba3 31. Rdc3 Bb4 32. Rc2 Ke8 33.
Ke3 Be7 34. h4 R8d7 35. g3 Bd8 {(=)} 36. Rc5 Be7 37. Rxd5 Rxd5 38. Ke4 Bb4 39.
Ng1 Ke7 40. Ne2 Ke8 41. Nf4 Rd8 42. g4 Be7 43. g5 Kd7 44. f3 Rh8 45. Ng2 Ra8
46. f4 Ra6 47. Ne3 Ra8 48. Rh2 Rh8 49. Kd3 Bb4 {(=)} 50. Nc2 Be7 51. Ne3 Bb4
52. Ke2 Ba3 53. Rh1 Bb4 54. Nf1 Bc3 55. Kd3 Be1 56. Ne3 Bb4 {(=)} 57. Nc2 Be7
58. Ne3 Bb4 59. Ng4 Be7 60. Nf2 Ba3 61. Ne4 Bb4 62. Ng3 Be7 63. h5 gxh5 64.
Rxh5 Rxh5 65. Nxh5 g6 66. Ng3 Ba3 67. Kc2 Bb4 68. Ne4 Be7 69. Kd3 b6 70. Nd2
Kc7 71. Nc4 Bb4 72. Ne3 Kd7 73. Ng4 Ke7 74. Nf6 Ba3 75. Ke4 Bb4 {(=). Drawn by
five-fold draw offer??} 1/2-1/2

[Event "14th 4NCL Congress"]
[Site "Wokefield"]
[Date "2017.07.15"]
[Round "3"]
[Board "5"]
[White "Martin, Lewis"]
[Black "Merriman, John"]
[Result "1/2-1/2"]
[WhiteElo "2089"]
[BlackElo "2221"]
[PlyCount "52"]
[EventDate "2017.07.14"]
[EventRounds "5"]
[EventCountry "ENG"]

1. d4 e6 2. c4 Nf6 3. Nf3 d5 4. cxd5 exd5 5. Nc3 Be7 6. Bg5 O-O 7. e3 h6 8. Bh4
Re8 9. Bd3 c6 10. O-O Nbd7 11. Qe2 Ne4 12. Bxe7 Qxe7 13. Nd2 Nxc3 14. bxc3 c5
15. Rfe1 c4 16. Bc2 Qa3 17. Nb1 Qa5 18. f3 b5 19. e4 Nf8 20. a3 Bd7 21. Ra2 Re7
22. e5 Ne6 23. Qe3 Nf8 24. f4 f6 25. Nd2 Rae8 26. Nf3 f5 1/2-1/2

[Event "14th 4NCL Congress"]
[Site "Wokefield"]
[Date "2017.07.15"]
[Round "3"]
[Board "6"]
[White "Varnam, Liam D"]
[Black "Gaudeau, Valentin"]
[Result "1/2-1/2"]
[WhiteElo "2088"]
[BlackElo "2170"]
[PlyCount "66"]
[EventDate "2017.07.14"]
[EventRounds "5"]
[EventCountry "ENG"]

1. e4 c5 2. Nf3 Nc6 3. d4 cxd4 4. Nxd4 Nf6 5. Nc3 e5 6. Ndb5 d6 7. Bg5 a6 8.
Na3 b5 9. Bxf6 gxf6 10. Nd5 Bg7 11. c3 f5 12. Bd3 Be6 13. Nxb5 axb5 14. Bxb5
Bd7 15. exf5 O-O 16. O-O e4 17. a4 Re8 18. Qg4 Kh8 19. Rad1 Rb8 20. Rfe1 Qc8
21. Rxe4 Rxe4 22. Qxe4 Bxf5 23. Qc4 Ne5 24. Qxc8+ Bxc8 25. b4 Bd7 26. Bxd7 Nxd7
27. a5 Nf6 28. Nb6 Ne4 29. c4 Bc3 30. Nd5 Bxb4 31. Rb1 Ra8 32. Nxb4 Rxa5 33.
Rc1 Ra4 1/2-1/2

[Event "14th 4NCL Congress"]
[Site "Wokefield"]
[Date "2017.07.15"]
[Round "3"]
[Board "7"]
[White "Murphy, Conor E"]
[Black "Rahulan, Thivyaa"]
[Result "1-0"]
[WhiteElo "2154"]
[BlackElo "1623"]
[PlyCount "75"]
[EventDate "2017.07.14"]
[EventRounds "5"]
[EventCountry "ENG"]

1. Nf3 f5 2. c4 Nf6 3. g3 g6 4. Bg2 Bg7 5. Nc3 Nc6 6. O-O e5 7. d3 O-O 8. Rb1
d5 9. cxd5 Nxd5 10. Qb3 Be6 11. Ng5 Nd4 12. Nxe6 Nxb3 13. Nxd8 Nxc3 14. bxc3
Nxc1 15. Rfxc1 Rfxd8 16. Rxb7 Rab8 17. Rxa7 Rb2 18. Ra8 Rxa8 19. Bxa8 Rxe2 20.
Bd5+ Kf8 21. a4 Rb2 22. Ra1 Rb6 23. a5 Ra6 24. Bc4 Ra7 25. a6 Ke7 26. Bd5 Kd6
27. Bb7 c6 28. Rb1 Kc7 29. Rb4 Bf6 30. Kf1 c5 31. Rb5 Be7 32. Ke2 Bd6 33. Kd2
g5 34. Kc2 h5 35. Kb3 h4 36. Kc4 hxg3 37. hxg3 f4 38. g4 1-0

[Event "14th 4NCL Congress"]
[Site "Wokefield"]
[Date "2017.07.15"]
[Round "3"]
[Board "8"]
[White "Hand, Freddie"]
[Black "Golding, James"]
[Result "1/2-1/2"]
[WhiteElo "2138"]
[BlackElo "1963"]
[PlyCount "69"]
[EventDate "2017.07.14"]
[EventRounds "5"]
[EventCountry "ENG"]

1. d4 d5 2. c4 e6 3. Nc3 c5 4. cxd5 exd5 5. Nf3 Nc6 6. g3 Nf6 7. Bg2 Be7 8. O-O
O-O 9. b3 Ne4 10. Bb2 Bf6 11. e3 Bf5 12. Ne2 Re8 13. Rc1 b5 14. Nd2 c4 15. Nxe4
Bxe4 16. Bxe4 Rxe4 17. Nc3 Re6 18. Nxb5 cxb3 19. Qxb3 Na5 20. Qa4 Nc4 21. Ba1
g6 22. Nc3 Bg5 23. f4 Nxe3 24. fxg5 Nxf1 25. Rxf1 Qxg5 26. Qd7 Qe3+ 27. Kg2 f5
28. Rf3 Qe1 29. Rf1 Re2+ 30. Nxe2 Qxe2+ 31. Kg1 Qe3+ 32. Rf2 Qe1+ 33. Rf1 Qe3+
34. Rf2 Qe1+ 35. Rf1 1/2-1/2

[Event "14th 4NCL Congress"]
[Site "Wokefield"]
[Date "2017.07.15"]
[Round "3"]
[Board "9"]
[White "Nelson, Omowale A"]
[Black "Crockart, Scott A"]
[Result "1/2-1/2"]
[WhiteElo "2040"]
[BlackElo "2133"]
[PlyCount "83"]
[EventDate "2017.07.14"]
[EventRounds "5"]
[EventCountry "ENG"]

1. d4 d5 2. c4 c6 3. Nf3 Nf6 4. g3 Bf5 5. Qb3 Qb6 6. Nc3 dxc4 7. Qxc4 Nbd7 8.
Bg2 e6 9. O-O Be7 10. h3 h6 11. Nd2 Bg6 12. e4 e5 13. dxe5 Nxe5 14. Qe2 O-O 15.
Nc4 Nxc4 16. Qxc4 Rfd8 17. a3 Rd7 18. Be3 Qc7 19. f4 Rad8 20. Rad1 Rxd1 21.
Rxd1 Rxd1+ 22. Nxd1 Nd7 23. Nc3 Qa5 24. Kh2 Kf8 25. Qd4 Nb6 26. f5 Bh7 27. Bxh6
gxh6 28. f6 Qg5 29. fxe7+ Kxe7 30. e5 Kf8 31. a4 Qe7 32. Qf4 Kg7 33. Qg4+ Bg6
34. h4 Qxe5 35. Qb4 Qc7 {(=)} 36. Qc5 Nc8 37. h5 Bh7 38. Nb5 Qe7 39. Qd4+ Qf6
40. Qg4+ Qg5 41. Qd4+ Qf6 42. Qxf6+ 1/2-1/2

[Event "14th 4NCL Congress"]
[Site "Wokefield"]
[Date "2017.07.15"]
[Round "3"]
[Board "10"]
[White "Head, Louise"]
[Black "Goater, Kevin P"]
[Result "1-0"]
[WhiteElo "2012"]
[BlackElo "2128"]
[PlyCount "65"]
[EventDate "2017.07.14"]
[EventRounds "5"]
[EventCountry "ENG"]

1. d4 g6 2. c4 Bg7 3. e4 c5 4. d5 d6 5. Bd3 Nh6 6. h3 f5 7. Nc3 Bxc3+ 8. bxc3
fxe4 9. Bxe4 Nf7 10. Nf3 Qa5 11. Qc2 Nd7 12. Bf4 Nf6 13. Bd3 Bd7 14. O-O O-O-O
15. Rab1 Rhg8 16. Rfe1 Rde8 17. h4 Qa4 18. Rb3 b6 19. Qb2 Qa6 20. a4 Nxd5 21.
Bg3 e5 22. a5 Kd8 23. Bf1 Nf6 24. axb6 Ba4 25. Ra3 Qxb6 26. Qxb6+ axb6 27. Rxa4
Nd7 28. Ra7 Rgf8 29. Bd3 Re6 30. Be4 Ke7 31. Ng5 Nxg5 32. hxg5 Ke8 33. Bd5 1-0

[Event "14th 4NCL Congress"]
[Site "Wokefield"]
[Date "2017.07.15"]
[Round "3"]
[Board "11"]
[White "Stoyanov, Viktor"]
[Black "Merry, Alan B"]
[Result "0-1"]
[WhiteElo "1919"]
[BlackElo "2427"]
[PlyCount "64"]
[EventDate "2017.07.14"]
[EventRounds "5"]
[EventCountry "ENG"]

1. d4 Nf6 2. Bf4 g6 3. Nc3 c5 4. d5 Bg7 5. e4 O-O 6. Nf3 d6 7. Bd3 e6 8. O-O
exd5 9. exd5 Na6 10. Re1 Nc7 11. Bc4 a6 12. a4 b6 13. Nd2 Rb8 14. Nde4 Nfe8 15.
Ba2 h6 16. a5 b5 17. h3 c4 18. f3 f5 19. Nf2 Bxc3 20. bxc3 g5 21. Be3 Bb7 22.
Bb6 Qd7 23. f4 Nxd5 24. fxg5 Nxb6 25. axb6 Qc6 26. Qf3 Qxf3 27. gxf3 hxg5 28.
Re6 Rf6 29. Re7 Rf7 30. Re6 Bd5 31. Rg6+ Rg7 32. Rxg7+ Kxg7 0-1

[Event "14th 4NCL Congress"]
[Site "Wokefield"]
[Date "2017.07.15"]
[Round "3"]
[Board "12"]
[White "Kalavannan, Koby"]
[Black "Stewart, Ashley"]
[Result "1-0"]
[WhiteElo "2154"]
[BlackElo "2111"]
[PlyCount "109"]
[EventDate "2017.07.14"]
[EventRounds "5"]
[EventCountry "ENG"]

1. d4 Nf6 2. c4 g6 3. Nc3 Bg7 4. e4 d6 5. Be2 O-O 6. Be3 e5 7. d5 Na6 8. g4 Nc5
9. Bf3 Ne8 10. b4 Na6 11. Rb1 f5 12. gxf5 gxf5 13. exf5 Bxf5 14. Be4 Bxe4 15.
Nxe4 Qh4 16. Qc2 Nf6 17. Nxf6+ Rxf6 18. Ne2 c5 19. dxc6 bxc6 20. Ng3 Raf8 21.
Qe4 Qh3 22. Qxc6 Nb8 23. Qd5+ Kh8 24. Bxa7 Nd7 25. Rb3 Qh4 26. Be3 Bh6 27. Bxh6
Rxh6 28. Qe4 Rf4 29. Qa8+ Rf8 30. Qe4 Rf4 31. Qa8+ Rf8 32. Qc6 Qh3 33. Rf3 Rxf3
34. Qxf3 Rf6 35. Qa8+ Rf8 36. Qc6 e4 37. Qxd6 Re8 38. Rg1 e3 39. Qd4+ Ne5 40.
fxe3 Qxh2 41. Ne2 h6 42. Rf1 Kh7 43. Qe4+ Kh8 44. Rh1 Nd3+ 45. Kd2 Rxe4 46.
Rxh2 Nxb4 47. a3 Na2 48. Rxh6+ Kg7 49. Rb6 Rxc4 50. Rb2 Kf6 51. Rxa2 Ra4 52.
Nc3 Ra5 53. Kd3 Ke5 54. a4 Kd6 55. Kd4 1-0